00912nam a22002657a 45000010005000000030006000050050017000110080041000280200018000690400029000870500016001160820016001321000019001482450116001672500044002832600038003273000043003655050008004085200099004165210020005155210020005356500030005556500031005857000030006165285FISKH20241122151431.0241122b cb ||||| |||| 00| 0 eng d a9780439744522 aFISKHbengcFISKHdFISKH aBJ1661.C295 a158.1280835 aCanfield, Jack aChicken Soup for the Teenage Soul IV / cby Jack Canfield, Mitch Claspy, Mark Victor Hansen, Kimberly Kirberger aFirst Scholastic printing, January 2005 aNew York : bScholastic ;c2004.  a337 pages : billustrations ;c22 cm . aS  aInspirational stories on life, love, and learning for teens, including contributions by teens.8 a840 bLexile 8 aS bRaz-Plus  aChicken Soupvnon-fiction ainspirationalvnon-fiction aKirberger, Jesse eartist